[Event "World Junior U20 Open 2018"]
[Site "Gebze"]
[Date "2018.09.08"]
[Round "5.45"]
[White "Philippe, Guillaume"]
[Black "De Block, Yordi"]
[Result "1-0"]
[WhiteElo "2358"]
[BlackElo "2118"]
[Annotator "NA"]
[PlyCount "59"]
[EventDate "2018.09.05"]
[EventType "swiss"]
[EventCountry "TUR"]
[SourceTitle "playchess.com"]
[Source "ChessBase"]
[SourceQuality "1"]
[TimeControl "40/5400+30:1800+30"]

1. f4 {[%emt 0:00:30]} Nh6 {[%emt 0:00:30]} 2. Nf3 {[%emt 0:00:30]} d5 {[%emt 0:00:30]} 3. e3 {[%emt 0:01:30]} Bg4 {[%emt 0:00:00]} 4. Be2 {[%emt 0:00:30]} e6 {[%emt 0:00:00]} 5. O-O {[%emt 0:00:30]} Be7 {[%emt 0:02:30]} 6. d3 {[%emt 0:02:30]} Nf5 {[%emt 0:02:30]} 7. c3 {[%emt 0:03:30]} c5 {[%emt 0:02:30]} 8. Ne5 {[%emt 0:02:30]} Bxe2 {[%emt 0:00:30]} 9. Qxe2 {[%emt 0:00:30]} Nc6 {[%emt 0:04:30]} 10. e4 {[%emt 0:00:30]} dxe4 {[%emt 0:15:30]} 11. dxe4 {[%emt 0:01:30]} Nd6 {[%emt 0:01:30]} 12. Nxc6 {[%emt 0:00:30]} bxc6 {[%emt 0:00:30]} 13. Na3 {[%emt 0:03:30]} O-O {[%emt 0:04:30]} 14. e5 {[%emt 0:01:30]} Nb7 {[%emt 0:03:30]} 15. Be3 {[%emt 0:00:30]} Qb6 {[%emt 0:02:30]} 16. f5 {[%emt 0:01:30]} exf5 {[%emt 0:00:00]} 17. Rxf5 {[%emt 0:00:30]} Nd8 {[%emt 0:01:00]} 18. Raf1 {[%emt 0:00:30]} g6 {[%emt 0:04:30]} 19. R5f3 {[%emt 0:00:30]} Qc7 {[%emt 0:03:30]} 20. Nc4 {[%emt 0:01:30]} Qd7 {[%emt 0:04:30]} 21. Bh6 {[%emt 0:00:30]} Re8 {[%emt 0:00:30]} 22. e6 {[%emt 0:09:30]} Qxe6 {[%emt 0:10:30]} 23. Re3 {[%emt 0:00:00]} Qd7 {[%emt 0:03:30]} 24. Re1 {[%emt 0:00:00]} Ne6 {[%emt 0:00:30]} 25. Ne5 {[%emt 0:00:00]} Qc8 {[%emt 0:04:30]} 26. Nxf7 {[%emt 0:00:00]} Kxf7 {[%emt 0:00:30]} 27. Rxe6 {[%emt 0:00:30]} Qd7 {[%emt 0:08:41]} 28. Qf1+ {[%emt 0:00:30]} Kg8 {[%emt 0:00:19]} 29. Qc4 {[%emt 0:00:00]} Kh8 {[%emt 0:00:45]} 30. Qe4 {[%emt 0:00:00]} 1-0

[Event "World Junior U20 Open 2018"]
[Site "Gebze"]
[Date "2018.09.08"]
[Round "5.46"]
[White "Ozgur, Tibet Kagan"]
[Black "Krishna Teja, N."]
[Result "0-1"]
[WhiteElo "2056"]
[BlackElo "2356"]
[Annotator "NA"]
[PlyCount "96"]
[EventDate "2018.09.05"]
[EventType "swiss"]
[EventCountry "TUR"]
[SourceTitle "playchess.com"]
[Source "ChessBase"]
[SourceQuality "1"]
[TimeControl "40/5400+30:1800+30"]

1. Nf3 {[%emt 0:00:30]} Nf6 {[%emt 0:00:30]} 2. g3 {[%emt 0:00:00]} d5 {[%emt 0:00:30]} 3. Bg2 {[%emt 0:00:00]} c6 {[%emt 0:00:30]} 4. O-O {[%emt 0:00:30]} Bf5 {[%emt 0:00:00]} 5. d3 {[%emt 0:00:00]} e6 {[%emt 0:00:00]} 6. Nbd2 {[%emt 0:00:00]} Be7 {[%emt 0:00:00]} 7. Qe1 {[%emt 0:01:30]} h6 {[%emt 0:00:00]} 8. e4 {[%emt 0:00:30]} Bh7 {[%emt 0:00:00]} 9. Qe2 {[%emt 0:01:30]} O-O {[%emt 0:00:00]} 10. Re1 {[%emt 0:01:30]} a5 {[%emt 0:02:30]} 11. exd5 $146 {[%emt 0:05:30] A07: Barcza-System (Königsfianchetto mit möglichen Übergängen in andere Systeme)} ({Vorgänger:} 11. a4 Na6 12. Nb3 dxe4 13. dxe4 Bxe4 14. Be3 Nb4 15. Red1 Qc8 16. c3 Nc2 17. Rac1 Nxe3 18. Qxe3 Qc7 {0-1 (39) Hasangatin,R (2505)-Alekseev,E (2636) Sochi 2016}) 11... cxd5 {[%emt 0:00:30]} 12. a4 {[%emt 0:00:30]} Nc6 {[%emt 0:01:30]} 13. Nb3 {[%emt 0:04:30]} Rc8 {[%emt 0:02:30]} 14. c3 {[%emt 0:11:30]} Nd7 {[%emt 0:13:30]} 15. Nfd4 {[%emt 0:17:30]} Nxd4 {[%emt 0:17:30]} 16. Nxd4 {[%emt 0:00:30]} Nc5 {[%emt 0:00:30]} 17. Rd1 {[%emt 0:05:30]} Qd7 {[%emt 0:00:30]} 18. b3 {[%emt 0:12:30]} Bf6 {[%emt 0:10:30]} 19. Ba3 {[%emt 0:08:30]} Rfe8 {[%emt 0:00:00]} 20. Rab1 {[%emt 0:10:47]} Na6 {[%emt 0:04:00]} 21. Qd2 {[%emt 0:02:19]} Bxd4 {[%emt 0:05:30]} 22. cxd4 {[%emt 0:00:30]} Qc7 {[%emt 0:00:00]} 23. Rdc1 {[%emt 0:00:56]} Qb6 {[%emt 0:00:00]} 24. Rxc8 {[%emt 0:06:26]} Rxc8 {[%emt 0:00:00]} 25. Bf1 {[%emt 0:00:15]} Bg6 {[%emt 0:03:00]} 26. Be2 $17 {[%emt 0:07:18]} Nb4 {[%emt 0:01:30]} 27. Bxb4 {[%emt 0:01:56]} Qxb4 {[%emt 0:00:00]} 28. Qb2 {[%emt 0:00:31]} Rc3 {[%emt 0:00:00]} 29. Kf1 {[%emt 0:00:28]} Rxd3 {[%emt 0:02:30]} 30. Bxd3 {[%emt 0:01:00]} Bxd3+ {[%emt 0:00:00]} 31. Kg1 {[%emt 0:00:00]} Bxb1 {[%emt 0:00:00]} 32. Qxb1 {[%emt 0:00:00]} Qxd4 {[%emt 0:00:30]} 33. Qc2 {[%emt 0:00:23]} b6 {[%emt 0:00:30]} 34. Qc8+ {[%emt 0:00:30]} Kh7 {[%emt 0:00:30]} 35. Qc2+ {[%emt 0:00:30]} g6 {[%emt 0:00:30]} 36. Qc7 {[%emt 0:00:30]} Kg7 {[%emt 0:00:30]} 37. h4 {[%emt 0:00:30]} h5 {[%emt 0:00:30]} 38. Qc2 {[%emt 0:00:30]} e5 {[%emt 0:00:30]} 39. Qe2 {[%emt 0:00:30]} e4 {[%emt 0:00:30]} 40. Qc2 {[%emt 0:00:30]} e3 {[%emt 0:00:30]} 41. fxe3 {[%emt 0:30:30]} Qxe3+ {[%emt 0:30:30]} 42. Kh2 {[%emt 0:00:30]} d4 {[%emt 0:00:30]} 43. Qc7 {[%emt 0:00:00]} Qf2+ {[%emt 0:00:00]} 44. Kh1 {[%emt 0:00:00]} Qe1+ {[%emt 0:00:00]} 45. Kh2 {[%emt 0:00:00]} d3 {[%emt 0:00:00]} 46. Qxb6 {[%emt 0:00:00]} d2 {[%emt 0:00:00]} 47. Qd4+ {[%emt 0:00:00]} Kh7 {[%emt 0:00:00]} 48. Qd5 {[%emt 0:00:00]} Qe2+ {[%emt 0:00:00]} 0-1

[Event "World Junior U20 Open 2018"]
[Site "Gebze"]
[Date "2018.09.08"]
[Round "5.47"]
[White "Schekachikhin, Maksim"]
[Black "Aydincelebi, Kagan"]
[Result "1/2-1/2"]
[WhiteElo "2356"]
[BlackElo "2060"]
[Annotator "NA"]
[PlyCount "142"]
[EventDate "2018.09.05"]
[EventType "swiss"]
[EventCountry "TUR"]
[SourceTitle "playchess.com"]
[Source "ChessBase"]
[SourceQuality "1"]
[TimeControl "40/5400+30:1800+30"]

1. d4 {[%emt 0:00:30]} d5 {[%emt 0:00:30]} 2. Nf3 {[%emt 0:01:30]} Nf6 {[%emt 0:00:00]} 3. c4 {[%emt 0:00:00]} dxc4 {[%emt 0:00:00]} 4. Nc3 {[%emt 0:03:00]} a6 {[%emt 0:02:30]} 5. e4 {[%emt 0:01:30]} e6 {[%emt 0:00:30]} 6. Bxc4 {[%emt 0:04:30] D24: Queen's Gambit Accepted: 3 Nf3 Nf6 4 Nc3} b5 {[%emt 0:00:30]} 7. Bd3 {[%emt 0:00:30]} Bb7 {[%emt 0:00:30]} 8. Bg5 {[%emt 0:03:30]} (8. Qe2 Nbd7 9. O-O c5 10. e5 Nd5 11. Ne4 cxd4 12. Bg5 Qb8 13. a3 h6 {½-½ (92) Esipenko,A (2564)-Mamedyarov,S (2799) Moscow 2017}) 8... Be7 {[%emt 0:00:00]} 9. O-O {[%emt 0:00:30]} Nbd7 {[%emt 0:00:00]} 10. Rc1 $146 {[%emt 0:10:30]} ({Predecessor:} 10. Qe2 h6 11. Bf4 c5 12. Rad1 cxd4 13. Nxd4 Qb6 {½-½ (13) Toth,P (2120)-Neber,Z (2083) Hungary 2002}) 10... h6 {[%emt 0:07:30]} 11. Bh4 {[%emt 0:06:30]} b4 {[%emt 0:02:30]} 12. Na4 {[%emt 0:03:30]} Bxe4 {[%emt 0:02:30]} 13. Bxe4 {[%emt 0:02:30]} Nxe4 {[%emt 0:00:30]} 14. Bxe7 {[%emt 0:00:30]} Qxe7 {[%emt 0:00:30]} 15. Rxc7 {[%emt 0:00:30]} Qd6 {[%emt 0:02:30]} 16. Rxd7 {[%emt 0:16:30]} Qxd7 {[%emt 0:17:30]} 17. Nb6 {[%emt 0:01:30]} Qb7 {[%emt 0:00:30]} 18. Qa4+ {[%emt 0:02:30]} Ke7 {[%emt 0:00:30]} 19. Nxa8 {[%emt 0:06:30]} Rxa8 {[%emt 0:00:00]} 20. Rc1 {[%emt 0:00:30]} a5 {[%emt 0:04:30]} 21. Ne5 {[%emt 0:02:00]} Rc8 {[%emt 0:02:30]} 22. Rc6 {[%emt 0:05:30]} f6 {[%emt 0:09:30]} 23. Qc2 {[%emt 0:03:30]} Nd6 {[%emt 0:01:30]} 24. Qc5 {[%emt 0:04:30]} Rxc6 {[%emt 0:00:30]} 25. Nxc6+ {[%emt 0:00:30]} Kd7 {[%emt 0:00:30]} 26. Nxa5 {[%emt 0:01:35]} Qe4 {[%emt 0:00:30]} 27. h3 {[%emt 0:03:15]} Nf5 {[%emt 0:00:30]} 28. Qb5+ {[%emt 0:00:30]} Kc7 {[%emt 0:02:30]} 29. Qc5+ {[%emt 0:05:44]} Kd7 {[%emt 0:00:30]} 30. Qa7+ {[%emt 0:03:35]} Kc8 {[%emt 0:04:00]} 31. Qa6+ {[%emt 0:00:39]} Kc7 {[%emt 0:02:30]} 32. Qc4+ {[%emt 0:01:23]} Kd7 {[%emt 0:00:30]} 33. Nb3 {[%emt 0:02:16]} Qe1+ {[%emt 0:01:30]} 34. Qf1 {[%emt 0:02:09]} Qxf1+ {[%emt 0:00:30]} 35. Kxf1 {[%emt 0:00:07]} Kd6 {[%emt 0:00:30]} 36. Ke2 {[%emt 0:00:29]} Kd5 {[%emt 0:00:00]} 37. Kd3 {[%emt 0:00:14]} Nd6 {[%emt 0:01:00]} 38. Nc5 $18 {[%emt 0:04:03]} e5 39. dxe5 fxe5 40. Na6 e4+ 41. Kc2 Kc4 42. g4 g6 43. Nc7 Nf7 44. b3+ Kc5 45. Kd2 {[%emt 1:31:30]} Ng5 {[%emt 2:19:22]} 46. Na6+ {[%emt 0:00:30]} Kd4 {[%emt 0:00:30]} 47. Nxb4 {[%emt 0:00:30]} Nxh3 {[%emt 0:00:30]} 48. Nc2+ {[%emt 0:00:30]} Ke5 {[%emt 0:00:30]} 49. Ke3 {[%emt 0:00:30]} Nf4 {[%emt 0:00:30]} 50. Nb4 {[%emt 0:00:30]} Ng2+ {[%emt 0:00:30]} 51. Ke2 {[%emt 0:00:30]} Nf4+ {[%emt 0:00:30]} 52. Kf1 {[%emt 0:00:30]} Kd4 {[%emt 0:00:30]} 53. Nc6+ {[%emt 0:00:30]} Kc5 {[%emt 0:00:30]} 54. Ne5 {[%emt 0:00:30]} Kb4 {[%emt 0:00:30]} 55. Nc4 {[%emt 0:00:30]} h5 {[%emt 0:00:30]} 56. gxh5 {[%emt 0:00:30]} gxh5 {[%emt 0:00:30]} 57. Nd2 {[%emt 0:00:00]} Ka3 {[%emt 0:01:30]} 58. Nxe4 {[%emt 0:00:00]} Kxa2 {[%emt 0:00:30]} 59. b4 {[%emt 0:00:30]} Kb3 {[%emt 0:00:30]} 60. b5 {[%emt 0:00:30]} Nd5 {[%emt 0:00:30]} 61. Ng3 {[%emt 0:00:30]} Kb4 {[%emt 0:00:30]} 62. Nxh5 {[%emt 0:00:30]} Kxb5 {[%emt 0:00:30]} 63. Ke2 {[%emt 0:00:00]} Kc4 {[%emt 0:01:14]} 64. Kf3 {[%emt 0:00:00]} Kd4 {[%emt 0:00:30]} 65. Kg4 {[%emt 0:00:30]} Ke4 {[%emt 0:00:57]} 66. Ng3+ {[%emt 0:00:30]} Ke5 {[%emt 0:00:30]} 67. Ne2 {[%emt 0:00:00]} Nf6+ {[%emt 0:00:25]} 68. Kh3 {[%emt 0:00:00]} Ne4 {[%emt 0:00:00]} 69. f4+ {[%emt 0:00:00]} Kf5 {[%emt 0:00:00]} 70. Kh4 {[%emt 0:00:00]} Nc3 {[%emt 0:00:00]} 71. Nxc3 {[%emt 0:00:30]} Kxf4 {[%emt 0:00:28]} 1/2-1/2

[Event "World Junior U20 Open 2018"]
[Site "Gebze"]
[Date "2018.09.08"]
[Round "5.48"]
[White "Sawlin, Leonid"]
[Black "Liyanage, Ranindu Dilshan"]
[Result "1/2-1/2"]
[WhiteElo "2355"]
[BlackElo "1989"]
[Annotator "NA"]
[PlyCount "69"]
[EventDate "2018.09.05"]
[EventType "swiss"]
[EventCountry "TUR"]
[SourceTitle "playchess.com"]
[Source "ChessBase"]
[SourceQuality "1"]
[TimeControl "40/5400+30:1800+30"]

1. e4 {[%emt 0:00:30]} c6 {[%emt 0:00:30]} 2. d4 {[%emt 0:00:00]} d5 {[%emt 0:00:30]} 3. f3 {[%emt 0:00:00]} g6 {[%emt 0:01:30]} 4. Nc3 {[%emt 0:08:30]} Bg7 {[%emt 0:02:30]} 5. Be3 {[%emt 0:00:00]} dxe4 {[%emt 0:04:30]} 6. fxe4 {[%emt 0:00:00]} Nf6 {[%emt 0:13:30]} 7. Nf3 {[%emt 0:00:30]} O-O {[%emt 0:01:30]} 8. Qd2 {[%emt 0:11:30] B15: Caro-Kann: 3 Nc3: 3...g6 and 3...dxe4 4 Nxe4 Nf6 5 Nxf6+ exf6} b5 {[%emt 0:18:30]} (8... Ng4 9. Bg5 h6 10. Bh4 c5 11. Nd5 Nf6 12. Nxf6+ exf6 13. O-O-O cxd4 14. Nxd4 Qe8 15. Re1 Nc6 {1-0 (51) Saptarshi,R (2476)-Nomin Erdene,D (2356) Backi Petrovac 2018}) 9. e5 {[%emt 0:09:30]} Nd5 {[%emt 0:11:30]} 10. Bh6 {[%emt 0:00:30]} Nxc3 {[%emt 0:00:30]} 11. bxc3 {[%emt 0:05:30]} Bf5 $146 {[%emt 0:03:30]} ({Predecessor:} 11... Bg4 12. Bd3 b4 13. Bxg7 Kxg7 14. O-O bxc3 15. Qxc3 Bxf3 16. Rxf3 {1-0 (56) Odinaev,T (2267)-Konyshev,A (2290) Kemerovo 2007}) 12. Bxg7 {[%emt 0:27:30]} Kxg7 {[%emt 0:01:30]} 13. Bd3 {[%emt 0:00:00]} Bxd3 {[%emt 0:05:30]} 14. cxd3 {[%emt 0:00:00]} Qd5 {[%emt 0:00:30]} 15. Qe2 {[%emt 0:00:30]} Nd7 {[%emt 0:00:30]} 16. O-O {[%emt 0:00:30]} Nb6 {[%emt 0:00:30]} 17. Rac1 {[%emt 0:00:30]} h6 {[%emt 0:00:30]} 18. c4 {[%emt 0:00:30]} Qe6 {[%emt 0:00:30]} 19. d5 {[%emt 0:00:30]} cxd5 {[%emt 0:05:30]} 20. Nd4 {[%emt 0:11:30]} Qc8 {[%emt 0:00:30]} 21. cxb5 {[%emt 0:07:07]} Qb7 $18 {[%emt 0:02:30]} 22. Rf3 {[%emt 0:05:21]} e6 {[%emt 0:01:30]} 23. Qe3 {[%emt 0:04:48]} Qe7 {[%emt 0:00:30]} 24. Rf6 {[%emt 0:05:04]} Rac8 {[%emt 0:06:37]} 25. Rcf1 {[%emt 0:00:46]} Nd7 {[%emt 0:00:00]} 26. h4 {[%emt 0:01:23]} Qc5 {[%emt 0:01:02]} 27. Rxf7+ {[%emt 0:00:06]} Rxf7 {[%emt 0:00:10]} 28. Nxe6+ {[%emt 0:00:01]} Kg8 {[%emt 0:00:15]} 29. Nxc5 {[%emt 0:00:04]} Nxc5 {[%emt 0:00:12]} 30. Rc1 {[%emt 0:00:32]} Rfc7 {[%emt 0:00:30]} 31. Qxh6 {[%emt 0:00:02]} Kf7 {[%emt 0:00:12]} 32. d4 {[%emt 0:01:39]} Ne6 {[%emt 0:00:02]} 33. Qh7+ {[%emt 0:00:14]} Ng7 {[%emt 0:00:04]} 34. Rf1+ {[%emt 0:00:00]} Ke8 {[%emt 0:00:30]} 35. Qg8+ {[%emt 0:00:00]} 1/2-1/2

[Event "World Junior U20 Open 2018"]
[Site "Gebze"]
[Date "2018.09.08"]
[Round "5.49"]
[White "Wadsworth, Matthew J"]
[Black "Kilic, Gokturk Kagan"]
[Result "1-0"]
[WhiteElo "2351"]
[BlackElo "1910"]
[Annotator "NA"]
[PlyCount "79"]
[EventDate "2018.09.05"]
[EventType "swiss"]
[EventCountry "TUR"]
[SourceTitle "playchess.com"]
[Source "ChessBase"]
[SourceQuality "1"]
[TimeControl "40/5400+30:1800+30"]

1. Nf3 {[%emt 0:00:30]} Nf6 {[%emt 0:01:30]} 2. g3 {[%emt 0:00:00]} g6 {[%emt 0:00:30]} 3. Bg2 {[%emt 0:00:00]} Bg7 {[%emt 0:00:30]} 4. O-O {[%emt 0:00:30]} O-O {[%emt 0:01:30]} 5. c4 {[%emt 0:00:00]} e6 {[%emt 0:03:30]} 6. Nc3 {[%emt 0:05:00]} d5 {[%emt 0:02:30]} 7. d4 {[%emt 0:01:30]} Nbd7 {[%emt 0:04:30]} 8. b3 {[%emt 0:03:30] D77: Fianchetto Grünfeld: 6 0-0: Replies other than 6...c6} b6 {[%emt 0:14:30]} 9. Ba3 $146 {[%emt 0:03:30]} ({Predecessor:} 9. cxd5 exd5 10. Bb2 Bb7 11. e3 Re8 12. Rc1 Ne4 13. Qc2 Nxc3 14. Bxc3 a5 15. Rfd1 Nf6 {1-0 (73) Eljanov,P (2717)-Grandelius,N (2647) Berlin 2015}) 9... Re8 {[%emt 0:04:30]} 10. Nd2 {[%emt 0:05:30]} Bb7 {[%emt 0:11:30]} 11. Rc1 {[%emt 0:02:30]} a6 {[%emt 0:08:30]} 12. e4 {[%emt 0:07:30]} dxe4 {[%emt 0:06:30]} 13. Ndxe4 {[%emt 0:00:30]} Nxe4 {[%emt 0:01:30]} 14. Nxe4 {[%emt 0:00:30]} Rb8 {[%emt 0:05:30]} 15. d5 {[%emt 0:15:30]} Nf6 {[%emt 0:04:30]} 16. Nxf6+ {[%emt 0:08:30]} Qxf6 {[%emt 0:01:30]} 17. Qd3 {[%emt 0:07:30]} Rbd8 {[%emt 0:04:30]} 18. Rfd1 {[%emt 0:02:30]} a5 {[%emt 0:05:00]} 19. Rc2 {[%emt 0:01:30]} Bc8 {[%emt 0:05:57]} 20. Bb2 {[%emt 0:04:30]} Qe7 {[%emt 0:00:28]} 21. Bxg7 {[%emt 0:00:30]} Kxg7 {[%emt 0:00:12]} 22. Re2 {[%emt 0:00:30]} Qf6 {[%emt 0:00:57]} 23. Rde1 {[%emt 0:01:30]} Rd6 {[%emt 0:01:26]} 24. Qc2 $11 {[%emt 0:02:30]} Red8 {[%emt 0:01:22]} 25. h4 {[%emt 0:01:30]} Bb7 {[%emt 0:05:05]} 26. dxe6 {[%emt 0:04:30]} Bxg2 {[%emt 0:00:40]} 27. Kxg2 {[%emt 0:00:30]} fxe6 {[%emt 0:01:50]} 28. Qe4 {[%emt 0:01:30]} Rf8 {[%emt 0:00:56]} 29. Qe3 {[%emt 0:02:46]} h5 {[%emt 0:01:47]} 30. Rd2 {[%emt 0:01:46]} Rfd8 {[%emt 0:00:51]} 31. Rxd6 {[%emt 0:00:35]} Rxd6 {[%emt 0:00:05]} 32. c5 {[%emt 0:05:19]} Rc6 {[%emt 0:00:38]} 33. cxb6 {[%emt 0:03:04]} cxb6 {[%emt 0:00:45]} 34. Rd1 {[%emt 0:00:07]} Rc3 {[%emt 0:00:46]} 35. Rd7+ {[%emt 0:00:45]} Kg8 {[%emt 0:00:52]} 36. Qe4 {[%emt 0:00:02]} Rc8 {[%emt 0:00:00]} 37. Rd6 {[%emt 0:00:40]} Re8 {[%emt 0:00:43]} 38. Rxb6 {[%emt 0:00:43]} Qf5 {[%emt 0:00:08]} 39. Qxf5 {[%emt 0:00:40]} gxf5 {[%emt 0:00:06]} 40. Ra6 {[%emt 0:00:00]} 1-0

[Event "World Junior U20 Open 2018"]
[Site "Gebze"]
[Date "2018.09.08"]
[Round "5.50"]
[White "Nyambileg, Erdene-Ochir"]
[Black "Shailesh, Dravid"]
[Result "1/2-1/2"]
[WhiteElo "1798"]
[BlackElo "2325"]
[Annotator "NA"]
[PlyCount "102"]
[EventDate "2018.09.05"]
[EventType "swiss"]
[EventCountry "TUR"]
[SourceTitle "playchess.com"]
[Source "ChessBase"]
[SourceQuality "1"]
[TimeControl "40/5400+30:1800+30"]

1. d4 {[%emt 0:00:30]} Nf6 {[%emt 0:00:30]} 2. c4 {[%emt 0:00:00]} g6 {[%emt 0:00:00]} 3. Nc3 {[%emt 0:00:00]} Bg7 {[%emt 0:00:00]} 4. Nf3 {[%emt 0:00:30]} O-O {[%emt 0:00:30]} 5. g3 {[%emt 0:00:30]} b6 {[%emt 0:00:30]} 6. Bg2 {[%emt 0:00:30]} Bb7 {[%emt 0:00:30]} 7. O-O {[%emt 0:00:30]} Ne4 {[%emt 0:02:30]} 8. Qc2 {[%emt 0:13:30]} Nxc3 {[%emt 0:00:30]} 9. bxc3 {[%emt 0:00:30]} Nc6 {[%emt 0:01:30] A50: Queen's Fianchetto Defence (1 d4 Nf6 2 c4 b6)} 10. Rd1 {[%emt 0:16:30]} d6 $146 {[%emt 0:01:30]} ({Predecessor:} 10... Na5 11. c5 d6 12. Rb1 dxc5 13. e4 cxd4 14. cxd4 Qd7 15. Bf4 Qc6 16. Qxc6 Bxc6 17. d5 {0-1 (31) Molner,M (2493)-Ipatov,A (2625) Saint Louis 2013}) 11. Bb2 {[%emt 0:06:30]} Qc8 {[%emt 0:01:30]} 12. c5 {[%emt 0:06:30]} Na5 {[%emt 0:01:30]} 13. Qa4 {[%emt 0:10:30]} Bc6 {[%emt 0:04:30]} 14. Qb4 {[%emt 0:02:30]} Qa6 {[%emt 0:00:30]} 15. cxd6 {[%emt 0:01:30]} cxd6 {[%emt 0:01:30]} 16. Bf1 {[%emt 0:07:30]} Bb5 {[%emt 0:01:30]} 17. Re1 {[%emt 0:01:30]} Rac8 {[%emt 0:01:30]} 18. a4 {[%emt 0:02:30]} Bc4 {[%emt 0:00:30]} 19. Nd2 {[%emt 0:00:30]} Bh6 {[%emt 0:02:30]} 20. Nxc4 {[%emt 0:01:30]} Nxc4 {[%emt 0:01:30]} 21. e4 {[%emt 0:01:30]} Rc7 {[%emt 0:01:30]} 22. e5 {[%emt 0:10:26]} d5 {[%emt 0:04:30]} 23. e6 {[%emt 0:03:00]} f6 {[%emt 0:01:30]} 24. a5 {[%emt 0:00:52]} b5 {[%emt 0:01:30]} 25. Bxc4 {[%emt 0:03:04]} bxc4 {[%emt 0:00:30]} 26. Re2 {[%emt 0:01:00]} Rfc8 {[%emt 0:00:30]} 27. Ba3 {[%emt 0:01:00]} Rb7 {[%emt 0:03:30]} 28. Qa4 {[%emt 0:00:19]} Qc6 {[%emt 0:02:30]} 29. Qxc6 {[%emt 0:01:45]} Rxc6 {[%emt 0:00:30]} 30. Bb4 {[%emt 0:00:23]} Kf8 {[%emt 0:00:30]} 31. Kg2 {[%emt 0:00:35]} Ke8 {[%emt 0:00:30]} 32. f4 {[%emt 0:01:04]} f5 {[%emt 0:01:30]} 33. Raa2 {[%emt 0:01:29]} Bg7 {[%emt 0:00:30]} 34. Rab2 {[%emt 0:00:12]} a6 {[%emt 0:03:30]} 35. Bc5 {[%emt 0:02:33]} Rxb2 {[%emt 0:03:30]} 36. Rxb2 {[%emt 0:00:07]} Rxe6 {[%emt 0:00:30]} 37. Kf2 {[%emt 0:01:06]} Bf6 {[%emt 0:00:30]} 38. Rb8+ {[%emt 0:00:30]} Kf7 {[%emt 0:00:00]} 39. Rd8 {[%emt 0:00:11]} g5 {[%emt 0:00:00]} 40. Rxd5 {[%emt 0:01:13]} gxf4 {[%emt 0:00:00]} 41. Rxf5 {[%emt 0:00:11]} fxg3+ {[%emt 0:01:00]} 42. hxg3 {[%emt 0:00:30]} Kg6 {[%emt 0:01:30] [#]} 43. Rd5 $14 {[%emt 0:03:30]} Bg5 {[%emt 0:09:30]} 44. Bb4 {[%emt 0:00:30]} Bd2 {[%emt 0:01:30]} 45. Rc5 {[%emt 0:02:30]} Be1+ {[%emt 0:00:30]} 46. Kf3 {[%emt 0:01:30]} Rf6+ {[%emt 0:00:30]} 47. Kg4 {[%emt 0:00:30]} Re6 {[%emt 0:03:30]} 48. Rxc4 {[%emt 0:05:30]} h5+ {[%emt 0:00:00]} 49. Kh3 {[%emt 0:01:30]} Re3 {[%emt 0:01:00]} 50. Rc6+ {[%emt 0:00:30]} Kf5 {[%emt 0:00:00]} 51. Rc5+ {[%emt 0:02:30]} Kg6 {[%emt 0:00:00]} 1/2-1/2

[Event "World Junior U20 Open 2018"]
[Site "Gebze"]
[Date "2018.09.08"]
[Round "5.51"]
[White "Martinez Alcantara, Jose Eduardo"]
[Black "Zhao, Chenxi"]
[Result "1/2-1/2"]
[WhiteElo "2565"]
[BlackElo "2275"]
[Annotator "TA"]
[PlyCount "78"]
[EventDate "2018.09.05"]
[EventType "swiss"]
[EventCountry "TUR"]
[SourceTitle "playchess.com"]
[Source "ChessBase"]
[SourceQuality "1"]

{[%evp 20,78,20,27,22,29,32,26,40,5,8,0,21,20,18,19,21,-14,0,-13,-14,-15,25,4,20,19,24,11,10,4,16,10,29,8,15,15,6,0,0,0,0,0,0,-18,0,-4,-8,-17,0,0,0,0,0,0,0,0,0,0,0,0,0]} 1. e4 e5 2. Nf3 Nc6 3. Bc4 Nf6 4. d3 Be7 5. O-O O-O 6. Re1 d6 7. a4 h6 8. a5 a6 9. c3 Be6 10. Nbd2 {[%cal Bb1d2,Bd2c4,Bc4e3,Be3d5][%mdl 32]} Qd7 11. Qb3 {LiveBook: 10 Games. C55: Two Knights: 4 d3, 4 d4 exd4 5 e5 and Max Lange Attack} Bxc4 (11... Rab8 12. h3 Kh8 13. Nf1 Nh5 14. d4 Bxc4 15. Qxc4 f5 16. dxe5 Nxe5 17. Qe2 Ng6 18. exf5 Rxf5 {½-½ (44) Heberla,B (2558)-Wang,H (2706) Czech Republic 2018}) 12. Nxc4 $146 ({Predecessor:} 12. dxc4 Nh7 13. Nf1 Rab8 14. Ng3 Qe6 15. Nf5 Bd8 16. h3 h5 17. Ne3 Ne7 18. Nd5 c6 19. Nxe7+ Bxe7 {1-0 (55) Kachibadze,G (2287)-Schoewel,M (2233) Germany 2015}) 12... Nd8 13. Ne3 {White is slightly better.} (13. Bd2 {is more complex.} Re8 14. h3 Ne6 15. Qd1 Nf8 16. Qc2) 13... Re8 14. Qa4 Qxa4 15. Rxa4 Bf8 16. b4 Ne6 17. g3 Rad8 18. Nd5 Nd7 19. Bb2 c6 20. Ne3 Nf6 21. h4 g6 22. c4 h5 23. Raa1 Bh6 24. Bc1 Kh7 25. Rb1 Ng4 (25... Kg8 {with more complications.} 26. Kg2 Kg7 27. Rd1 Nd7 28. Nc2 Bxc1 29. Rdxc1 f5) 26. b5 (26. Kg2 {keeps more tension.} Nxe3+ 27. Bxe3 Bxe3 28. fxe3 Kg7 29. d4) 26... Nxe3 {The position is equal.} (26... Rb8 {looks sharper.} 27. Nxg4 hxg4 28. Nh2 Bxc1 29. Rexc1 f5) 27. Bxe3 Bxe3 28. Rxe3 axb5 $1 29. cxb5 Ra8 30. bxc6 bxc6 31. Ra1 Re7 32. Nd2 Nd4 {[#] Strongly threatening ...Nc2.} 33. Ra4 Rea7 34. Nc4 Kg7 35. Kg2 f6 {White should prevent ...d5.} 36. Nxd6 Rxa5 37. Rxa5 Rxa5 38. Re1 Ra3 39. Rb1 Nb5 {Precision: White = 53%, Black = 55%.} 1/2-1/2